00930nam a2200253 i 4500001001000000003000900010005001700019007000300036008004100039040003000080082002400110100005500134245004600189264004900235300005500284336002700339337003300366338002800399500007400427500006400501586006000565650002400625650002700649000010134DO-SdBNP20250120084525.0ta091005s1978 dr ac 000 0 spa d aDO-SdBNPbspacBNPHUerda 4aRD861.44bA958p2221 aAvilés Blonda, Máximo,d1931-1988eautor4aut.14aLos profetas /cMáximo Avilés Blonda. 1aSanto Domingo :bEditora Profesional,c1978. a122 páginas :bilustraciones, retratos ;c22 cm. atextobtxt2rdacontent asin mediaciónbn2rdamedia avolumenbnc2rdacarrier aIncluye referencias bibliográficas y notas al pie de las páginas. aIncluye datos biográficos del autor en la contracubierta. aPremio Nacional de Poesía "Gastón F. Deligne", 1977 0aPoesía dominicana 0aLiteratura dominicana.